Statistics for Top Scoring Irish Premier League Player by Year

Click here to take the quiz!

General Stats

  • This quiz has been taken 11 times
  • The average score is 23 of 31

Answer Stats

YearPlayerClub(s)GoalsComp Rank% Correct
2007-08Robbie KeaneTottenham Hotspurs155
100%
2000-01Robbie KeaneLeeds United918
100%
2008-09Robbie KeaneLiverpool &
Tottenham Hotspurs
1016
100%
2005-06Robbie KeaneTottenham Hotspurs164
100%
2004-05Robbie KeaneTottenham Hotspurs1111
100%
2003-04Robbie KeaneTottenham Hotspurs1410
100%
2002-03Robbie KeaneLeeds United &
Tottenham Hotspurs
147
100%
1993-94Roy Keane
Niall Quinn
Manchester United
Manchester City
566
100%
1992-93Niall QuinnManchester City933
90%
1995-96Niall QuinnManchester City827
90%
1994-95Niall QuinnManchester City838
90%
1999-00Niall QuinnSunderland148
90%
2017-18Ciaran Clark
Jeff Hendrick
Shane Long
Newcastle United
Burnley
Southampton
2116
80%
2018-19Shane Duffy
Shane Long
Brighton & Hove Albion
Southampton
559
80%
2011-12Shane LongWest Bromwich Albion827
80%
2015-16Shane LongSouthampton1019
80%
2013-14Shane LongHull City &
West Bromwich Albion
730
80%
2012-13Shane Long
Jon Walters
West Bromwich Albion
Stoke City
831
80%
2001-02Damien DuffBlackburn Rovers743
70%
1997-98Damien DuffBlackburn Rovers474
70%
2022-23Evan FergusonBrighton & Hove Albion644
70%
2016-17Seamus ColemanEverton474
70%
2020-21David McGoldrickSheffield United836
60%
2014-15Jon WaltersStoke City827
60%
2019-20Matt DohertyWolverhampton Wanderers465
60%
1998-99Ian HarteLeeds United475
40%
2009-10Kevin DoyleWolverhampton Wanderers921
40%
2006-07Kevin DoyleReading137
40%
2021-22Nathan CollinsBurnley2126
40%
2010-11Leon BestNewcastle United643
10%
1996-97Micky EvansMiddlesbrough469
0%

Score Distribution

Percentile by Number Answered

Percent of People with Each Score

Your Score History

You have not taken this quiz